Data Science/ (Record no. 204018)
[ view plain ]
| 000 -LEADER | |
|---|---|
| fixed length control field | 00894nam a22002417a 4500 |
| 005 - DATE AND TIME OF LATEST TRANSACTION | |
| control field | 20240708154336.0 |
| 010 ## - LCCN (DPL NO) | |
| LC control number | ENG-140825 |
| 020 ## - INTERNATIONAL STANDARD BOOK NUMBER | |
| Terms of availability | 350.00 |
| International Standard Book Number | 9789394899544 |
| 035 ## - SYSTEM CONTROL NUMBER | |
| System control number | EN-124357 |
| 037 ## - SOURCE OF ACQUISITION | |
| Source of stock number/acquisition | DBAD |
| 082 ## - DEWEY DECIMAL CLASSIFICATION NUMBER | |
| Classification number | 005.7 |
| Edition number | 1 |
| 100 ## - MAIN ENTRY--PERSONAL NAME | |
| Personal name | Srinivasulu, Asadi |
| 245 ## - TITLE STATEMENT | |
| Title | Data Science/ |
| Statement of responsibility, etc | by Asadi Srinivasulu , Nikhat Akhtar, T. Haritha, [and] Ramakrishna Hegde |
| 250 ## - EDITION STATEMENT | |
| Edition statement | 1 |
| 260 ## - PUBLICATION, DISTRIBUTION, ETC. (IMPRINT) | |
| Place of publication, distribution, etc | Tamil Nadu, India |
| Name of publisher, distributor, etc | Shanlax Publications |
| Date of publication, distribution, etc | 2022 |
| 270 ## - ADDRESS | |
| City | Tamil Nadu |
| Address | Shanlax Publications, Vasantha Nagar, Madurai, Tamil Nadu |
| Postal code | 625003 |
| Electronic mail address | www.shanlaxpublications.com |
| -- | publisher@shanlaxpublications.com |
| 300 ## - PHYSICAL DESCRIPTION | |
| Extent | 224p. |
| Dimensions | 24cm (pb) |
| 700 ## - ADDED ENTRY--PERSONAL NAME | |
| Personal name | Srinivasulu, Asadi |
| Relator term | Author |
| 9 (RLIN) | 68234 |
| 700 ## - ADDED ENTRY--PERSONAL NAME | |
| Personal name | Akhtar, Nikhat |
| Relator term | Author |
| 9 (RLIN) | 68235 |
| 700 ## - ADDED ENTRY--PERSONAL NAME | |
| Personal name | Haritha, T. |
| Relator term | Author |
| 9 (RLIN) | 68236 |
| 700 ## - ADDED ENTRY--PERSONAL NAME | |
| Personal name | Hegde, Ramakrishna |
| Relator term | Author |
| 9 (RLIN) | 68237 |
| 942 ## - ADDED ENTRY ELEMENTS (KOHA) | |
| Source of classification or shelving scheme | Dewey Decimal Classification |
| Item type | English Books |
| Classification part | 005.7 |
| Call number suffix | SRI |
| Edition | 1 |
| Withdrawn status | Lost status | Not for loan | Collection code | Home library | Current library | Date acquired | Source of acquisition | Cost, normal purchase price | Full call number | Barcode | Cost, replacement price | Koha item type |
|---|---|---|---|---|---|---|---|---|---|---|---|---|
| Non-fiction | New Police Line | New Police Line | 08/07/2024 | DBAD | 226.00 | 005.7 SRI | EN-124357 | 226.00 | English Books |
